Visual Basic 4 unleashed / (رقم التسجيلة. 3990)
[ عرض عادي ]
| 000 -الفاتح | |
|---|---|
| حقل البيانات ثابتة الطول | 00871nam a22002897a 4500 |
| 003 - محدد رقم الضبط | |
| رقم الضبط | INP |
| 005 - وقت وتاريخ اخر تعامل مع التسجيلة | |
| رقم الضبط | 20260622095743.0 |
| 008 - عناصر البيانات ثابتة الطول - معلومات عامة | |
| حقل البيانات ثابتة الطول | 171231s1995 inua|||fr|||| 00| 0 eng d |
| 020 ## - الرقم الدولى المعيارى للكتب | |
| الرقم الدولى المعيارى للكتاب | 0672308371 |
| 040 ## - مصدر الفهرسة | |
| وكالة الفهرسة الأصلية | EG-INP |
| لغة الفهرسة | eng |
| وكالة النسخ | EG-INP |
| 082 04 - رقم تصنيف ديوى العشرى | |
| رقم الطبعة | 21 |
| رقم التصنيف | 005.268 |
| رقم المادة | v i |
| 100 1# - المدخل الرئيسى - إسم شخصى | |
| الإسم الشخصى | Scott, Conrad. |
| 245 10 - بيان العنوان | |
| العنوان | Visual Basic 4 unleashed / |
| بيان المسئولية | Conrad Scott, Brad Sbannon, Frank Font and Bill Hatfield. |
| 260 ## - بيانات النشر | |
| مكان الناشر او الموزع | Indianapolis : |
| اسم الناشر او الموزع | Sama Publishing, |
| تاريخ النشر أو التوزيع | 1995. |
| 300 ## - الوصف المادى | |
| التعداد | 1191 P. ; |
| أبعاد الوعاء | 24 cm. |
| 650 #0 - المدخل الاضافى بالموضوع-مصطلح موضوعى | |
| مصدر الرأس أو المصطلح | . |
| مصطلح موضوعي كعنصر مدخل | Microsoft Visual BASIC. |
| 9 (RLIN) | 2201 |
| 650 #0 - المدخل الاضافى بالموضوع-مصطلح موضوعى | |
| مصطلح موضوعي كعنصر مدخل | BASIC |
| التقسيم الفرعي العام | Computer program language. |
| 650 #0 - المدخل الاضافى بالموضوع-مصطلح موضوعى | |
| مصطلح موضوعي كعنصر مدخل | programming. |
| 9 (RLIN) | 4192 |
| 650 #0 - المدخل الاضافى بالموضوع-مصطلح موضوعى | |
| مصطلح موضوعي كعنصر مدخل | computer |
| التقسيم الفرعي العام | Languages. |
| 700 1# - المدخل الاضافى - اسم شخصى | |
| الإسم الشخصى | Sbannon, Brad, |
| الدور | Co-Author. |
| 700 1# - المدخل الاضافى - اسم شخصى | |
| الإسم الشخصى | Font, Frank, |
| الدور | Co-Author. |
| 700 1# - المدخل الاضافى - اسم شخصى | |
| الإسم الشخصى | Hatfield, Bill, |
| الدور | Co-Author. |
| 901 ## - عنصر بيانات محلىA, LDA (RLIN) | |
| كود المفهرس | EGPV5 |
| 902 ## - عنصر بيانات محلىB, LDB (RLIN) | |
| كود المراجع | EGPV2 |
| 903 ## - original or copycat | |
| a | original |
| حالة التراجع | المكان المؤقت | الموقع الحالى | نوع وعاء كوها |
|---|---|---|---|
| Library INP | Library INP | كتاب |
Institute of National Planning Catalog